[Event "GBR-ch100 Senior"]
[Site "Torquay"]
[Date "2013.08.06"]
[Round "3.64"]
[White "Stimpson, Philip M"]
[Black "Gamble, Raymond J"]
[Result "1/2-1/2"]
[WhiteElo "2028"]
[BlackElo "2017"]
[PlyCount "64"]
[EventDate "2013.08.03"]
[EventType "swiss"]
[EventRounds "7"]
[EventCountry "GBR"]

1. e4 e6 2. d4 d5 3. Bd3 Nf6 4. e5 Nfd7 5. Nf3 c5 6. dxc5 Nc6 7. Bf4 Nxc5 8.
Nc3 Nxd3+ 9. Qxd3 a6 10. O-O Be7 11. Rfe1 O-O 12. Rad1 b5 13. a3 b4 14. axb4
Nxb4 15. Qe2 a5 16. Nd4 Bg5 17. Qg4 Bxf4 18. Qxf4 f6 19. Qg3 f5 20. Ncb5 Bd7
21. Nd6 Qe7 22. f4 Nc6 23. Qc3 Nxd4 24. Qxd4 Rfb8 25. c4 Rb4 26. Nxf5 Qf8 27.
Nd6 dxc4 28. f5 Rab8 29. Rf1 c3 30. Qxc3 exf5 31. Rd2 Be6 32. Rdf2 g6 1/2-1/2

[Event "GBR-ch100 Senior"]
[Site "Torquay"]
[Date "2013.08.06"]
[Round "4.73"]
[White "Gamble, Raymond J"]
[Black "Dennis, Nigel W"]
[Result "1/2-1/2"]
[WhiteElo "2017"]
[BlackElo "1838"]
[PlyCount "77"]
[EventDate "2013.08.03"]
[EventType "swiss"]
[EventRounds "7"]
[EventCountry "GBR"]

1. d4 Nf6 2. Nf3 g6 3. Nbd2 Bg7 4. e4 d6 5. Bc4 O-O 6. O-O Bg4 7. h3 Bxf3 8.
Qxf3 Nc6 9. c3 e5 10. d5 Ne7 11. Re1 Nd7 12. Qe2 f5 13. Nf3 h6 14. g3 Nc5 15.
exf5 gxf5 16. Be3 Ne4 17. Rad1 Ng6 18. Nd2 Ng5 19. Qh5 Kh7 20. f4 Nf7 21. Qxf5
exf4 22. Bxf4 Ng5 23. Bxg5 Rxf5 24. Bxd8 Rxd8 25. g4 Re5 26. Nf3 Rxe1+ 27. Rxe1
Ne5 28. Nxe5 Bxe5 29. Rf1 Kg7 30. Kg2 Rf8 31. Rxf8 Kxf8 32. Kf3 Kg7 33. Bd3 Kf6
34. Bf5 Kg5 35. Bc8 b6 36. Ke4 a5 37. a4 Bg7 38. Bd7 Bf6 39. Bc8 1/2-1/2

[Event "GBR-ch100 Senior"]
[Site "Torquay"]
[Date "2013.08.07"]
[Round "5.73"]
[White "Price, Andrew"]
[Black "Gamble, Raymond J"]
[Result "0-1"]
[WhiteElo "1831"]
[BlackElo "2017"]
[PlyCount "52"]
[EventDate "2013.08.03"]
[EventType "swiss"]
[EventRounds "7"]
[EventCountry "GBR"]

1. e4 e6 2. d4 d5 3. exd5 exd5 4. Nf3 Bd6 5. Bd3 Bg4 6. O-O Nc6 7. c3 Qd7 8.
Nbd2 Nge7 9. Qc2 Bf5 10. Re1 Bxd3 11. Qxd3 O-O-O 12. Ne5 Bxe5 13. dxe5 Ng6 14.
Nf3 Rde8 15. Be3 Ngxe5 16. Nxe5 Nxe5 17. Qd4 b6 18. Red1 Nc4 19. Bc1 c5 20.
Qxg7 Rhg8 21. Qh6 Rxg2+ 22. Kh1 Rg6 23. Qh5 Qe6 24. Bf4 Qe4+ 25. f3 Qxf4 26.
Qxd5 Kb8 0-1

[Event "GBR-ch100 Senior"]
[Site "Torquay"]
[Date "2013.08.08"]
[Round "6.62"]
[White "Gamble, Raymond J"]
[Black "Gregg, Alan Michael"]
[Result "1/2-1/2"]
[WhiteElo "2017"]
[BlackElo "2094"]
[PlyCount "98"]
[EventDate "2013.08.03"]
[EventType "swiss"]
[EventRounds "7"]
[EventCountry "GBR"]

1. d4 Nf6 2. Nf3 e6 3. e3 d5 4. Bd3 c5 5. c3 Nc6 6. Nbd2 Be7 7. O-O O-O 8. dxc5
Bxc5 9. e4 Ng4 10. Qe2 Nge5 11. Nxe5 Nxe5 12. Bc2 Ng6 13. Nf3 Bd7 14. exd5 exd5
15. Qd3 Be6 16. Ne5 Qf6 17. Nxg6 hxg6 18. Qg3 Qd8 19. Be3 Qb6 20. Bxc5 Qxc5 21.
Rfd1 Rfd8 22. Rd4 Rd7 23. Re1 Qb6 24. Rb4 Qa6 25. a3 Bf5 26. Bxf5 gxf5 27. Rh4
Qf6 28. Rd4 Rd6 29. h3 Rad8 30. Qd3 Qg5 31. Qe3 Qxe3 32. Rxe3 Re6 33. c4 Rxe3
34. fxe3 Re8 35. Rxd5 Rxe3 36. Rxf5 a6 37. Rf3 Re4 38. Rc3 Re2 39. b4 Kf8 40.
Kh2 Ke7 41. Kg3 Kd6 42. Kf3 Re1 43. Rd3+ Kc6 44. g4 Rc1 45. c5 a5 46. Rd6+ Kc7
47. Ke4 axb4 48. axb4 Rb1 49. Rd4 Rh1 1/2-1/2

[Event "Hastings Masters 2013/14"]
[Site "Hastings"]
[Date "2014.01.03"]
[Round "7"]
[White "Witt, Holger"]
[Black "Gamble, Raymond J"]
[Result "1/2-1/2"]
[WhiteElo "1648"]
[BlackElo "2032"]
[PlyCount "31"]
[EventDate "2013.12.28"]
[EventType "swiss"]
[EventRounds "9"]
[EventCountry "ENG"]
[SourceTitle "CBM 158 Extra"]
[Source "ChessBase"]
[SourceDate "2014.02.28"]
[SourceVersion "1"]
[SourceVersionDate "2014.02.28"]
[SourceQuality "1"]

1. e4 e6 2. d4 d5 3. Nc3 Nf6 4. e5 Nfd7 5. f4 c5 6. Nf3 Nc6 7. Be3 cxd4 8. Nxd4
Nxd4 9. Bxd4 Nb8 10. Bb5+ Bd7 11. Qd3 Nc6 12. O-O-O Nxd4 13. Bxd7+ Qxd7 14.
Qxd4 Qc6 15. Qa4 Qxa4 16. Nxa4 1/2-1/2

[Event "British Senior Championship"]
[Site "Aberystwyth, Wales"]
[Date "2014.07.26"]
[Round "1.25"]
[White "Gamble, Raymond J"]
[Black "Moore, Gillian A"]
[Result "1/2-1/2"]
[WhiteElo "2026"]
[BlackElo "1835"]
[PlyCount "41"]
[EventDate "2014.07.26"]
[EventType "swiss"]
[EventRounds "7"]
[EventCountry "GBR"]
[SourceTitle "Britbase"]

1. Nf3 d5 2. d4 Nc6 3. Bf4 Bg4 4. e3 e6 5. h3 Bh5 6. Nbd2 Bd6 7. Bxd6 cxd6 8.
c3 f5 9. Be2 Nf6 10. Ng5 Bxe2 11. Qxe2 Qe7 12. O-O-O O-O 13. f4 Rac8 14. Kb1
Ne4 15. Ngxe4 dxe4 16. g4 Kh8 17. gxf5 exf5 18. Rhg1 Qe8 19. Rg5 Rf6 20. Qb5
Qf7 21. Rdg1 1/2-1/2

[Event "British Senior Championship"]
[Site "Aberystwyth, Wales"]
[Date "2014.07.27"]
[Round "2.47"]
[White "Tunstall, Mike J"]
[Black "Gamble, Raymond J"]
[Result "1-0"]
[WhiteElo "1978"]
[BlackElo "2026"]
[PlyCount "59"]
[EventDate "2014.07.26"]
[EventType "swiss"]
[EventRounds "7"]
[EventCountry "GBR"]
[SourceTitle "Britbase"]

1. e4 e6 2. d4 d5 3. Nc3 Nf6 4. e5 Nfd7 5. f4 c5 6. Nf3 Nc6 7. Be3 cxd4 8. Nxd4
Nxd4 9. Bxd4 Nb8 10. Qd2 Nc6 11. Bb5 Bd7 12. Bxc6 bxc6 13. Na4 Be7 14. O-O g6
15. a3 O-O 16. Nc5 a5 17. b3 Re8 18. Rf3 Bf8 19. Raf1 Bc8 20. Rh3 Bg7 21. Qc3
Qe7 22. Re1 Qc7 23. Na4 Rb8 24. Rh4 Rb5 25. Bc5 Rd8 26. Qe3 Qd7 27. Bd6 c5 28.
Nxc5 Rxc5 29. Qxc5 a4 30. Rh3 1-0

[Event "British Senior Championship"]
[Site "Aberystwyth, Wales"]
[Date "2014.07.28"]
[Round "3.52"]
[White "Connolly, Marcus PA"]
[Black "Gamble, Raymond J"]
[Result "1/2-1/2"]
[WhiteElo "1874"]
[BlackElo "2026"]
[PlyCount "43"]
[EventDate "2014.07.26"]
[EventType "swiss"]
[EventRounds "7"]
[EventCountry "GBR"]
[SourceTitle "Britbase"]

1. f4 d5 2. Nf3 g6 3. e3 c5 4. d4 Bg7 5. c3 Nf6 6. Bd3 b6 7. Qe2 O-O 8. O-O Bb7
9. Nbd2 Nc6 10. Ne5 Nxe5 11. fxe5 Ne4 12. Nb3 f6 13. exf6 exf6 14. Bd2 Qe7 15.
Rae1 Nxd2 16. Nxd2 Rad8 17. Qf3 f5 18. Re2 Rfe8 19. Rfe1 c4 20. Bb1 b5 21. Qg3
Kh8 22. Nf3 1/2-1/2

[Event "British Senior Championship"]
[Site "Aberystwyth, Wales"]
[Date "2014.07.29"]
[Round "4.49"]
[White "Gamble, Raymond J"]
[Black "Szymanski, Mark"]
[Result "1/2-1/2"]
[WhiteElo "2026"]
[BlackElo "1814"]
[PlyCount "42"]
[EventDate "2014.07.26"]
[EventType "swiss"]
[EventRounds "7"]
[EventCountry "GBR"]
[SourceTitle "Britbase"]

1. d4 Nf6 2. Nf3 c5 3. e3 g6 4. Bd3 Bg7 5. Nbd2 O-O 6. O-O b6 7. Qe2 Bb7 8. c3
d6 9. e4 Nh5 10. g3 e5 11. d5 Bc8 12. Re1 a6 13. Qf1 b5 14. Qg2 c4 15. Bc2 Nd7
16. Nf1 Nc5 17. Bg5 Bf6 18. Be3 Qc7 19. h3 Bg7 20. Nh4 f5 21. exf5 gxf5 1/2-1/2

[Event "British Senior Championship"]
[Site "Aberystwyth, Wales"]
[Date "2014.07.30"]
[Round "5.49"]
[White "Nicolson, James Roderick"]
[Black "Gamble, Raymond J"]
[Result "1/2-1/2"]
[WhiteElo "1890"]
[BlackElo "2026"]
[PlyCount "27"]
[EventDate "2014.07.26"]
[EventType "swiss"]
[EventRounds "7"]
[EventCountry "GBR"]
[SourceTitle "Britbase"]

1. c4 e5 2. Nc3 Nc6 3. g3 f5 4. Bg2 Nf6 5. d3 Bc5 6. e3 O-O 7. Nge2 a5 8. O-O
d6 9. a3 Kh8 10. Bd2 Qe8 11. Nb5 Qf7 12. d4 Bb6 13. Rc1 Na7 14. Nxa7 1/2-1/2

[Event "British Senior Championship"]
[Site "Aberystwyth, Wales"]
[Date "2014.07.31"]
[Round "6"]
[White "Gamble, Raymond J"]
[Black "Davison, Colin FS"]
[Result "1/2-1/2"]
[WhiteElo "2026"]
[BlackElo "2023"]
[PlyCount "61"]
[EventDate "2014.07.26"]
[EventType "swiss"]
[EventRounds "7"]
[EventCountry "GBR"]
[SourceTitle "Britbase"]

1. d4 e6 2. e3 b6 3. Nf3 Bb7 4. Bd3 Nf6 5. Nbd2 d5 6. c3 Nbd7 7. Qe2 Be7 8. e4
dxe4 9. Nxe4 Bxe4 10. Bxe4 Nxe4 11. Qxe4 O-O 12. O-O Nf6 13. Qe2 Qd5 14. Bf4
Bd6 15. Bxd6 cxd6 16. Rfe1 Rac8 17. h3 Rc7 18. Qe3 h6 19. Nd2 Qf5 20. Ne4 Nxe4
21. Qxe4 Qb5 22. Qe2 Qxe2 23. Rxe2 Rfc8 24. a3 Rc4 25. f4 Kf8 26. g4 R4c7 27.
Rae1 Re7 28. Kf2 Rce8 29. Kf3 f6 30. c4 Kf7 31. Ke4 1/2-1/2

[Event "British Senior Championship"]
[Site "Aberystwyth, Wales"]
[Date "2014.08.01"]
[Round "7.22"]
[White "Goodwin, Ed H"]
[Black "Gamble, Raymond J"]
[Result "0-1"]
[WhiteElo "1800"]
[BlackElo "2026"]
[PlyCount "84"]
[EventDate "2014.07.26"]
[EventType "swiss"]
[EventRounds "7"]
[EventCountry "GBR"]
[SourceTitle "Britbase"]

1. d4 d5 2. c4 e6 3. Nc3 Nf6 4. cxd5 exd5 5. Bg5 Nbd7 6. e3 c6 7. Bd3 Be7 8.
Qc2 Nh5 9. Bxe7 Qxe7 10. Nge2 g6 11. O-O-O Ng7 12. Ng3 Nf6 13. Rhe1 O-O 14. f3
Be6 15. e4 dxe4 16. fxe4 Rfd8 17. Bf1 Rd7 18. Re2 Bg4 19. e5 Bxe2 20. Bxe2 Nfe8
21. Bc4 Rad8 22. Qe4 Ne6 23. Nge2 b5 24. Bb3 Qg5+ 25. Kb1 b4 26. Na4 Qf5 27.
Qxf5 gxf5 28. Bxe6 fxe6 29. Nc5 Re7 30. Nf4 Nc7 31. Nb7 Rde8 32. Na5 Nd5 33.
Nh5 Rc8 34. Nb3 Kf7 35. Nc5 Rg8 36. Ng3 f4 37. Rf1 Ke8 38. Nh5 Rxg2 39. Nxf4
Nxf4 40. Rxf4 Rf7 41. Nxe6 Rxf4 42. Nxf4 Rxh2 0-1

[Event "GBR-ch103 Over 65"]
[Site "Bournemouth"]
[Date "2016.07.25"]
[Round "2.1"]
[White "Berry, Stephen H"]
[Black "Gamble, Raymond J"]
[Result "1-0"]
[WhiteElo "2290"]
[BlackElo "1954"]
[PlyCount "49"]
[EventDate "2016.07.24"]
[EventType "swiss"]
[EventRounds "7"]
[EventCountry "GBR"]

1. c4 e5 2. Nc3 Nc6 3. Nf3 f5 4. d4 e4 5. Ng5 Nf6 6. e3 Be7 7. Nh3 O-O 8. Nf4
Re8 9. h4 a5 10. Be2 Bd6 11. g3 Bb4 12. Bd2 Bf8 13. h5 Ne7 14. d5 d6 15. Nb5 c6
16. Nd4 cxd5 17. cxd5 Kh8 18. Nde6 Qb6 19. Bc3 Bd7 20. h6 Bxe6 21. dxe6 Neg8
22. hxg7+ Kxg7 23. Nh5+ Kg6 24. Nxf6 Nxf6 25. Bh5+ 1-0

[Event "GBR-ch103 Over 65"]
[Site "Bournemouth"]
[Date "2016.07.26"]
[Round "3.8"]
[White "Gamble, Raymond J"]
[Black "Byway, Paul V"]
[Result "0-1"]
[WhiteElo "1954"]
[BlackElo "2069"]
[PlyCount "80"]
[EventDate "2016.07.24"]
[EventType "swiss"]
[EventRounds "7"]
[EventCountry "GBR"]

1. Nf3 Nf6 2. d4 e6 3. e3 b6 4. Bd3 Bb7 5. Nbd2 d5 6. Qe2 Nbd7 7. e4 dxe4 8.
Nxe4 Be7 9. Nxf6+ Bxf6 10. c3 O-O 11. O-O c5 12. Be4 Bxe4 13. Qxe4 cxd4 14.
cxd4 Be7 15. Qe2 Nf6 16. Bg5 Nd5 17. Bxe7 Qxe7 18. Rac1 Qb7 19. Qd2 Rac8 20.
Rxc8 Rxc8 21. Rc1 h6 22. h3 Rxc1+ 23. Qxc1 f6 24. a3 g5 25. g3 Ne7 26. Qe3 Qd5
27. Qc3 Nc6 28. b3 Kg7 29. Kf1 h5 30. g4 h4 31. Ke2 Ne7 32. Nd2 Qd7 33. Qf3 Qd5
34. Qxd5 Nxd5 35. a4 Nf4+ 36. Kf3 Nxh3 37. b4 Nf4 38. Nc4 Nd3 39. a5 bxa5 40.
bxa5 Ne1+ 0-1

[Event "GBR-ch103 Over 65"]
[Site "Bournemouth"]
[Date "2016.07.28"]
[Round "5.14"]
[White "Holland, Ray J"]
[Black "Gamble, Raymond J"]
[Result "0-1"]
[WhiteElo "1870"]
[BlackElo "1954"]
[PlyCount "74"]
[EventDate "2016.07.24"]
[EventType "swiss"]
[EventRounds "7"]
[EventCountry "GBR"]

1. d4 e6 2. Nf3 Nf6 3. Bf4 b6 4. e3 Bb7 5. Nbd2 Be7 6. h3 c5 7. c3 Ne4 8. Nxe4
Bxe4 9. Be2 O-O 10. O-O d6 11. Nd2 Bb7 12. Bd3 Nd7 13. Qc2 h6 14. Rac1 e5 15.
Bh2 Rc8 16. Qd1 cxd4 17. exd4 exd4 18. cxd4 Rxc1 19. Qxc1 Qa8 20. Re1 Rc8 21.
Qd1 Bf6 22. Qg4 Nf8 23. Bxd6 Rd8 24. Be5 Bxe5 25. Rxe5 Bd5 26. Ne4 Ng6 27. f3
Nxe5 28. dxe5 Bxe4 29. Bxe4 Qc8 30. Bf5 Qc1+ 31. Kh2 Qxb2 32. e6 fxe6 33. Bxe6+
Kh8 34. Bb3 Qd4 35. Qf5 Qd6+ 36. Kh1 Re8 37. Qb1 Qg3 0-1

[Event "GBR-ch103 Weekend op"]
[Site "Bournemouth"]
[Date "2016.07.29"]
[Round "1.13"]
[White "Brown, Geoffrey M"]
[Black "Gamble, Raymond J"]
[Result "1/2-1/2"]
[WhiteElo "1734"]
[BlackElo "1954"]
[PlyCount "28"]
[EventDate "2016.07.29"]
[EventType "swiss"]
[EventRounds "5"]
[EventCountry "GBR"]

1. f4 d5 2. Nf3 g6 3. c3 Bg7 4. d3 c5 5. Qc2 Nc6 6. e4 e6 7. Be2 Nge7 8. Be3 b6
9. Nbd2 O-O 10. O-O d4 11. Bf2 Bb7 12. c4 f5 13. e5 Qd7 14. a3 a5 1/2-1/2

[Event "GBR-ch103 Over 65"]
[Site "Bournemouth"]
[Date "2016.07.29"]
[Round "6.9"]
[White "Hutchinson, Norman A"]
[Black "Gamble, Raymond J"]
[Result "1-0"]
[WhiteElo "2061"]
[BlackElo "1954"]
[PlyCount "87"]
[EventDate "2016.07.24"]
[EventType "swiss"]
[EventRounds "7"]
[EventCountry "GBR"]

1. e4 e6 2. d4 d5 3. Nd2 c5 4. Ngf3 cxd4 5. exd5 Qxd5 6. Bc4 Qd6 7. O-O Nf6 8.
Nb3 Nc6 9. Nbxd4 Nxd4 10. Nxd4 a6 11. Bb3 Be7 12. c3 e5 13. Nf3 Qxd1 14. Rxd1
e4 15. Nd4 O-O 16. Re1 Re8 17. Bc2 Bc5 18. Nb3 Bb6 19. Be3 Bxe3 20. Rxe3 Be6
21. h3 Rad8 22. Nd4 Bd5 23. a4 b6 24. Rae1 Kf8 25. g4 h6 26. Kh2 Rb8 27. Kg3 b5
28. axb5 axb5 29. b3 Ba8 30. h4 Nd5 31. Rxe4 Rxe4 32. Bxe4 Nxc3 33. Bxa8 Rxa8
34. Re3 Rc8 35. Re5 f6 36. Re1 Kf7 37. Nf5 Rc7 38. Nd6+ Kg6 39. h5+ Kh7 40. Kf3
Rc6 41. Nf5 Nd5 42. Re8 b4 43. Nh4 Nb6 44. Rb8 1-0

[Event "GBR-ch103 Weekend op"]
[Site "Bournemouth"]
[Date "2016.07.30"]
[Round "2.11"]
[White "Gamble, Raymond J"]
[Black "Benson, Sean T"]
[Result "1/2-1/2"]
[WhiteElo "1954"]
[BlackElo "1818"]
[PlyCount "45"]
[EventDate "2016.07.29"]
[EventType "swiss"]
[EventRounds "5"]
[EventCountry "GBR"]

1. Nf3 e6 2. d4 d5 3. e3 Bd6 4. Bd3 f5 5. c4 c6 6. Qc2 Nh6 7. Nc3 O-O 8. Bd2
Nd7 9. O-O-O Nf6 10. Rdf1 Bd7 11. Kb1 Rc8 12. c5 Bc7 13. Bc1 b6 14. Na4 Nf7 15.
Nd2 bxc5 16. Nxc5 Ne4 17. Nxd7 Nxd2+ 18. Bxd2 Qxd7 19. Bb4 Nd6 20. g4 Rf7 21.
Bc5 a5 22. f3 Nb7 23. h3 1/2-1/2

[Event "GBR-ch103 Weekend op"]
[Site "Bournemouth"]
[Date "2016.07.31"]
[Round "4.11"]
[White "Jackson, Paul G"]
[Black "Gamble, Raymond J"]
[Result "1-0"]
[WhiteElo "1785"]
[BlackElo "1954"]
[PlyCount "49"]
[EventDate "2016.07.29"]
[EventType "swiss"]
[EventRounds "5"]
[EventCountry "GBR"]

1. d4 e6 2. c4 d5 3. Nc3 Nf6 4. cxd5 exd5 5. Bg5 Nbd7 6. e3 c6 7. Bd3 Be7 8.
Qc2 Nh5 9. Bxe7 Qxe7 10. O-O-O g6 11. h3 Ndf6 12. g4 Ng7 13. Kb1 Bd7 14. Rc1
O-O 15. Nf3 Rad8 16. Ne5 Bc8 17. f4 c5 18. Qg2 c4 19. Bc2 Qd6 20. h4 b5 21.
Nxb5 Qb4 22. Nc3 Qd6 23. h5 Nd7 24. hxg6 fxg6 25. Qh2 1-0

[Event "GBR-ch103 Weekend op"]
[Site "Bournemouth"]
[Date "2016.07.31"]
[Round "5.16"]
[White "Gamble, Raymond J"]
[Black "Abbott, Mark V"]
[Result "1-0"]
[WhiteElo "1954"]
[BlackElo "1856"]
[PlyCount "75"]
[EventDate "2016.07.29"]
[EventType "swiss"]
[EventRounds "5"]
[EventCountry "GBR"]

1. d4 Nf6 2. Nf3 g6 3. Nbd2 c5 4. e3 Bg7 5. Bd3 O-O 6. O-O cxd4 7. exd4 Nc6 8.
c3 d5 9. Re1 Bg4 10. h3 Bxf3 11. Nxf3 Qc7 12. Bg5 Rfe8 13. Qd2 Rad8 14. Bf4 Qb6
15. Ne5 Nd7 16. Nxd7 Rxd7 17. Re2 e6 18. Rae1 Rc8 19. Bh6 Bh8 20. h4 a5 21. h5
Ne7 22. hxg6 hxg6 23. Bf4 a4 24. a3 Qd8 25. Bb5 Nc6 26. Bxa4 Qa5 27. Bxc6 Rxc6
28. Be5 Bxe5 29. Rxe5 Qd8 30. R1e3 Qf6 31. Rf3 Qg7 32. Qf4 Rb6 33. Re2 Rdd6 34.
g4 Qf8 35. Rh3 Qg7 36. g5 Kf8 37. Qf6 e5 38. Rh8+ 1-0

[Event "GBR-ch104 Over 65"]
[Site "Llandudno"]
[Date "2017.07.30"]
[Round "1.11"]
[White "Reuben, Stewart"]
[Black "Gamble, Raymond J"]
[Result "1-0"]
[WhiteElo "2074"]
[BlackElo "1894"]
[PlyCount "115"]
[EventDate "2017.07.30"]
[EventType "swiss"]
[EventRounds "7"]
[EventCountry "GBR"]

1. d4 Nf6 2. c4 e6 3. Nc3 d5 4. Bf4 c6 5. e3 Bd6 6. Be5 Bxe5 7. dxe5 Nfd7 8. f4
f6 9. exf6 Nxf6 10. Nf3 Nbd7 11. Bd3 Nc5 12. Ne5 Nxd3+ 13. Qxd3 O-O 14. O-O Qe7
15. Rad1 Bd7 16. e4 Rad8 17. cxd5 Qc5+ 18. Qd4 Qxd4+ 19. Rxd4 exd5 20. exd5
cxd5 21. Nxd5 Nxd5 22. Rxd5 Be6 23. Rxd8 Rxd8 24. Rc1 Kf8 25. a3 Rd2 26. b4 Bd5
27. Rc8+ Ke7 28. Rc7+ Kf6 29. Ng4+ Kf5 30. Ne3+ Kxf4 31. Nxd5+ Rxd5 32. Rxb7
Rd1+ 33. Kf2 Rd2+ 34. Kf1 Ra2 35. Rxg7 Rxa3 36. g3+ Kf3 37. Rf7+ Kg4 38. Rxh7
Ra2 39. Rg7+ Kf3 40. Rf7+ Kg4 41. Rf4+ Kg5 42. Rf2 Ra4 43. Rb2 Ra6 44. Kg2 Rb6
45. Kf3 Rb5 46. Ke4 a5 47. Kd4 axb4 48. Kc4 Rb8 49. Rxb4 Rd8 50. Kc3 Rd1 51.
Rd4 Rh1 52. Rd2 Kg4 53. Kd3 Kf3 54. Kd4 Ra1 55. Ke5 Ra5+ 56. Rd5 Ra2 57. Kf5
Rxh2 58. g4 1-0

[Event "GBR-ch104 Over 65"]
[Site "Llandudno"]
[Date "2017.07.31"]
[Round "2.20"]
[White "Levens, David George"]
[Black "Gamble, Raymond J"]
[Result "0-1"]
[WhiteElo "1963"]
[BlackElo "1894"]
[PlyCount "100"]
[EventDate "2017.07.30"]
[EventType "swiss"]
[EventRounds "7"]
[EventCountry "GBR"]

1. e4 e6 2. d4 d5 3. e5 c5 4. c3 Nc6 5. Nf3 Qb6 6. a3 c4 7. Nbd2 Na5 8. Be2 Bd7
9. O-O h6 10. Ne1 Nb3 11. Nxb3 Ba4 12. Be3 Bxb3 13. Qd2 Ne7 14. g4 O-O-O 15. f4
g6 16. Ng2 h5 17. a4 hxg4 18. a5 Qb5 19. Bxg4 a6 20. Bd1 Nf5 21. Bxb3 Qxb3 22.
Bf2 Be7 23. Ne1 Rh3 24. Bg3 Nxg3 25. hxg3 Rxg3+ 26. Ng2 Rh8 27. Kf2 Rd3 28. Qe2
Rdh3 29. Rab1 Bh4+ 30. Nxh4 R8xh4 31. Rg1 Rxf4+ 32. Kg2 Rh5 33. Kg3 Rxd4 34.
Rbf1 Rg5+ 35. Kh3 Rxg1 36. Rxg1 Rd3+ 37. Kh4 Qb5 38. Rf1 Qe8 39. Rf4 Qh8+ 40.
Kg5 Rg3+ 41. Rg4 Qh5+ 42. Kf4 Rxg4+ 43. Qxg4 Qxg4+ 44. Kxg4 Kd7 45. Kf4 Ke8 46.
Kg4 Kf8 47. Kf4 Kg8 48. Kg4 Kh7 49. Kg5 Kg7 50. Kf4 f6 0-1

[Event "GBR-ch104 Over 65"]
[Site "Llandudno"]
[Date "2017.08.01"]
[Round "3.12"]
[White "Gamble, Raymond J"]
[Black "Tunstall, Mike J"]
[Result "1/2-1/2"]
[WhiteElo "1894"]
[BlackElo "2030"]
[PlyCount "42"]
[EventDate "2017.07.30"]
[EventType "swiss"]
[EventRounds "7"]
[EventCountry "GBR"]

1. d4 Nf6 2. Nf3 g6 3. Nbd2 d5 4. e3 Bg7 5. Bd3 O-O 6. O-O Nc6 7. c3 e5 8. Nxe5
Nxe5 9. dxe5 Ng4 10. Nf3 Nxe5 11. Nxe5 Bxe5 12. f4 Bg7 13. e4 dxe4 14. Bxe4 Qe7
15. Qf3 f5 16. Bd5+ Kh8 17. Be3 c6 18. Bb3 Be6 19. Qf2 b6 20. Bxe6 Qxe6 21. Bd4
Rad8 1/2-1/2

[Event "GBR-ch104 Over 65"]
[Site "Llandudno"]
[Date "2017.08.02"]
[Round "4.13"]
[White "Gamble, Raymond J"]
[Black "Habershon, Paul F"]
[Result "1/2-1/2"]
[WhiteElo "1894"]
[BlackElo "2018"]
[PlyCount "47"]
[EventDate "2017.07.30"]
[EventType "swiss"]
[EventRounds "7"]
[EventCountry "GBR"]

1. Nf3 Nf6 2. d4 g6 3. Nbd2 Bg7 4. e4 d6 5. Bc4 O-O 6. O-O c6 7. c3 b5 8. Bb3
Bb7 9. Qe2 e6 10. e5 dxe5 11. Nxe5 Nd5 12. Ne4 Nd7 13. Nxd7 Qxd7 14. Nc5 Qc7
15. Bd2 Rae8 16. Rae1 a6 17. Qf3 Bc8 18. Ne4 f5 19. Nc5 Kh8 20. Bxd5 exd5 21.
b4 a5 22. a3 axb4 23. axb4 Qf7 24. h3 1/2-1/2

[Event "GBR-ch104 Over 65"]
[Site "Llandudno"]
[Date "2017.08.04"]
[Round "6.9"]
[White "Hutchinson, Norman A"]
[Black "Gamble, Raymond J"]
[Result "1-0"]
[WhiteElo "2040"]
[BlackElo "1894"]
[PlyCount "81"]
[EventDate "2017.07.30"]
[EventType "swiss"]
[EventRounds "7"]
[EventCountry "GBR"]

1. e4 e6 2. d4 d5 3. Nd2 dxe4 4. Nxe4 Be7 5. Nf3 Nf6 6. Bd3 Nbd7 7. O-O Nxe4 8.
Bxe4 Nf6 9. Bd3 b6 10. Ne5 Bb7 11. Bb5+ Kf8 12. Bc6 Qc8 13. Qf3 Bxc6 14. Qxc6
Rb8 15. Bg5 Kg8 16. Qf3 Qe8 17. Nc6 Rc8 18. Nxa7 Rd8 19. Nc6 Rd5 20. Nxe7+ Qxe7
21. Bxf6 Qxf6 22. Qxf6 gxf6 23. Rfd1 Kg7 24. Rd3 Rhd8 25. Rad1 b5 26. a3 f5 27.
f4 Kf6 28. Kf2 Rb8 29. Rc3 Rb7 30. Rdd3 b4 31. Rb3 c5 32. c4 Rxd4 33. Rxd4 cxd4
34. axb4 e5 35. fxe5+ Kxe5 36. Ke2 Ke4 37. b5 f6 38. Kd2 f4 39. b6 Rg7 40. b7
Rxg2+ 41. Ke1 1-0

[Event "GBR-ch104 Over 65"]
[Site "Llandudno"]
[Date "2017.08.05"]
[Round "7.15"]
[White "Gamble, Raymond J"]
[Black "Bryant, Richard BE"]
[Result "1/2-1/2"]
[WhiteElo "1894"]
[BlackElo "1976"]
[PlyCount "77"]
[EventDate "2017.07.30"]
[EventType "swiss"]
[EventRounds "7"]
[EventCountry "GBR"]

1. d4 d5 2. Nf3 Nf6 3. e3 c6 4. b3 Bg4 5. h3 Bh5 6. Bb2 e6 7. Be2 Nbd7 8. Nbd2
Bb4 9. a3 Ba5 10. b4 Bc7 11. Ne5 Bxe2 12. Qxe2 Nxe5 13. dxe5 Nd7 14. f4 b5 15.
Bd4 a5 16. O-O a4 17. e4 Bb6 18. c3 Qb8 19. Kh1 Bc7 20. Rae1 g6 21. Nf3 Qb7 22.
f5 h6 23. exd5 cxd5 24. fxe6 fxe6 25. Nh4 Rg8 26. Nxg6 Rg7 27. Nf4 Nf8 28. Qh5+
Kd7 29. Nd3 Kc6 30. Rf7 Rxf7 31. Qxf7 Qc8 32. Nc5 Qe8 33. Rf1 Ng6 34. Qxe6+
Qxe6 35. Nxe6 Bxe5 36. Bxe5 Nxe5 37. Rf6 Nc4 38. Nd4+ Kd7 39. Nc2 1/2-1/2

[Event "Beacon Seniors"]
[Site "Exmouth"]
[Date "2017.11.06"]
[Round "1"]
[White "Berry, Stephen H"]
[Black "Gamble, Raymond J"]
[Result "1-0"]
[WhiteElo "2293"]
[BlackElo "1904"]
[PlyCount "111"]
[EventDate "2017.11.06"]
[EventType "swiss"]
[EventRounds "5"]
[EventCountry "ENG"]

1. c4 e5 2. Nc3 Nc6 3. e3 Nf6 4. Nf3 g6 5. d4 exd4 6. exd4 Bg7 7. Bg5 h6 8. Bh4
O-O 9. Be2 Re8 10. O-O g5 11. Bg3 Nh5 12. d5 Nxg3 13. hxg3 Ne5 14. d6 cxd6 15.
Nd4 b6 16. Nf5 Ba6 17. f4 Nc6 18. Nxg7 Kxg7 19. Bd3 Qf6 20. Nd5 Qd4+ 21. Kh2
Rac8 22. fxg5 Ne5 23. gxh6+ Kh8 24. Be2 Qxd1 25. Raxd1 Bxc4 26. Bxc4 Rxc4 27.
Ne3 Re4 28. Nf5 Re6 29. Rxd6 Kh7 30. Rdd1 Re2 31. Rb1 Rc6 32. Kh3 a5 33. a3 Nc4
34. Rbe1 Rce6 35. Rxe2 Rxe2 36. Nd4 Rxb2 37. Rxf7+ Kxh6 38. Rxd7 Nxa3 39. g4
Kg6 40. Rd6+ Kf7 41. g5 Nc4 42. g6+ Kg8 43. Rc6 Ne5 44. Re6 Nxg6 45. Rxg6+ Kf7
46. Rc6 a4 47. Rc7+ Kg6 48. Ra7 Rb4 49. Nf3 b5 50. g4 Rb3 51. Kg3 a3 52. Ra6+
Kg7 53. Kf4 Rb4+ 54. Kf5 Ra4 55. Rxa4 bxa4 56. Nd4 {Source: Brian Valentine,
16 Jan 2019} 1-0